000
00152nam a22000857a 4500
082
_a
823
100
_a
SILVIA ASTER VARNER
245
_a
TEACHER
942
_c
BK
999
_c
8227
_d
8227